000 00621nas a2200229 4500
001 BR8103275
003 BR-BrBNA
005 20231205084743.0
007 ta
008 230509b bl.|||p| |||| 00| 00por d
040 _aBR-BrBNA
_bpor
_cBiblioteca Nacional de Agricultura
041 _a(Pt)
072 _aF25
100 1 _aPereira, C.
245 1 _aNobreza do lixo [Fertilidade do solo; Adubo]
650 _aFertilidade do solo
650 _aAdubo
650 _aLixo
773 0 _tRaizes (Brazil)
_x
_g(Oct 1980), v. 6(58) p. 29-32
_wBR8103275
909 _a202311
_bLúcia
_c55
_dLúcia Elande
942 _2AGRIS
_n0
_cANA
999 _c107075
_d107075